00414nam a2200157Ia 4500100002000000250000600020942000700026654001300033245001900046260003600065082002000101300000800121546001200129999001700141952009800158 aCampione/ Mary  a5 cBK aComputer aJava Tutorial bADDISON WESLEYaNew Delhic1998 a005.13 (J)bCAM a964 aENGLISH c32291d32291 001040708CRCaCRCEbCRCEd2023-03-17l0o005.13 (J) CAMp11079r2023-03-17w2023-03-17yBK